5HLuxD.jpg

KING HENRY VIII SENIOR AND PRIMARY SCHOOL LIBRARY OPAC

Cambridge IGCSE chemistry / (Record no. 4253)

000 -LEADER
fixed length control field 01100cam a2200301 a 4500
001 - CONTROL NUMBER
control field 005517302
003 - CONTROL NUMBER IDENTIFIER
control field OSt
005 - DATE AND TIME OF LATEST TRANSACTION
control field 20250204085315.0
008 - FIXED-LENGTH DATA ELEMENTS--GENERAL INFORMATION
fixed length control field 190801r2014 enkad g 000 0 eng d
020 ## - INTERNATIONAL STANDARD BOOK NUMBER
International Standard Book Number 9781107614994
Qualifying information (Workbook;
-- pbk.)
040 ## - CATALOGING SOURCE
Original cataloging agency AZDAC
Language of cataloging eng
Transcribing agency tw-NKUHT
Modifying agency tw-NKUHT
-- KH8
Description conventions aacr
042 ## - AUTHENTICATION CODE
Authentication code nbic
082 0# - DEWEY DECIMAL CLASSIFICATION NUMBER
Classification number 540 HAR
100 1# - MAIN ENTRY--PERSONAL NAME
Personal name Harwood, Richard,
Relator term author.
245 10 - TITLE STATEMENT
Title Cambridge IGCSE chemistry /
Statement of responsibility, etc. Richard Harwood, Ian Lodge.
246 3# - VARYING FORM OF TITLE
Title proper/short title Cambridge International General Certificate of Secondary Education chemistry.
250 ## - EDITION STATEMENT
Edition statement 4th ed.
260 ## - PUBLICATION, DISTRIBUTION, ETC.
Place of publication, distribution, etc. Cambridge :
Name of publisher, distributor, etc. Cambridge University Press,
Date of publication, distribution, etc. c2014.
300 ## - PHYSICAL DESCRIPTION
Extent 172 p. :
Other physical details ill., tab. ;
Dimensions 28 cm.
505 8# - FORMATTED CONTENTS NOTE
Formatted contents note v.1,Coursebook -- v.2,Workbook -- v.3,Teacher's resource.
590 ## - LOCAL NOTE (RLIN)
Local note Coursebook & Workbook.
650 #0 - SUBJECT ADDED ENTRY--TOPICAL TERM
Topical term or geographic name entry element Chemistry
Form subdivision Problems, exercises, etc.
650 #0 - SUBJECT ADDED ENTRY--TOPICAL TERM
Topical term or geographic name entry element Chemistry
Form subdivision Examinations, questions, etc.
650 #0 - SUBJECT ADDED ENTRY--TOPICAL TERM
Topical term or geographic name entry element Chemistry
General subdivision Examinations
Form subdivision Study guides.
650 #0 - SUBJECT ADDED ENTRY--TOPICAL TERM
Topical term or geographic name entry element International General Certificate of Secondary Education
Form subdivision Study guides.
700 1# - ADDED ENTRY--PERSONAL NAME
Personal name Lodge, Ian,
Relator term author.
942 ## - ADDED ENTRY ELEMENTS (KOHA)
Source of classification or shelving scheme
Koha item type Books - Non Ficton
Holdings
Withdrawn status Lost status Source of classification or shelving scheme Damaged status Not for loan Collection code Permanent Location Current Location Shelving location Date acquired Full call number Barcode Date last seen Copy number Price effective from Koha item type
          Non-Fiction KH8 Senior School Library KH8 Senior School Library Non Fiction 2025-02-04 540 HAR 3KHSL000102161 2025-02-04 1 2025-02-04 Books - Non Ficton
          Non-Fiction KH8 Senior School Library KH8 Senior School Library Non Fiction 2025-02-04 540 HAR 3KHSL000102162 2025-02-04 2 2025-02-04 Books - Non Ficton

Powered By KH8 IT Dept